<?xml version="1.0" encoding="UTF-8"?>
<collection xmlns="http://www.loc.gov/MARC21/slim">
 <record>
  <leader>01530aam a22002418a 4500</leader>
  <controlfield tag="001">NCT_21981</controlfield>
  <controlfield tag="008">160713s2016                  ||||||viesd</controlfield>
  <datafield tag="999" ind1=" " ind2=" ">
   <subfield code="c">1040</subfield>
   <subfield code="d">1040</subfield>
  </datafield>
  <datafield tag="020" ind1=" " ind2=" ">
   <subfield code="c">28000</subfield>
  </datafield>
  <datafield tag="082" ind1="0" ind2="4">
   <subfield code="2">23rd ed.</subfield>
   <subfield code="a">658.34</subfield>
   <subfield code="b">C489</subfield>
  </datafield>
  <datafield tag="100" ind1="1" ind2=" ">
   <subfield code="a">Chaston, Ian</subfield>
  </datafield>
  <datafield tag="245" ind1="1" ind2="0">
   <subfield code="a">Marketing định hướng vào khách hàng</subfield>
   <subfield code="c">Ian Chaston; Vũ Trọng Hùng, Phan Đình Quyền (dịch và biên soạn)</subfield>
  </datafield>
  <datafield tag="260" ind1=" " ind2=" ">
   <subfield code="a">Đồng Nai</subfield>
   <subfield code="b">Nhà xuất bản Đồng Nai</subfield>
   <subfield code="c">1999</subfield>
  </datafield>
  <datafield tag="300" ind1=" " ind2=" ">
   <subfield code="a">344 tr.</subfield>
   <subfield code="b">20 cm</subfield>
  </datafield>
  <datafield tag="520" ind1="3" ind2=" ">
   <subfield code="a">Trình bày tóm tắt những quan điểm về các biện pháp kỹ thuật nhằm nâng cao mức độ tập trung vào khách hàng trong quá trình quản trị Marketing. Xây dựng mục tiêu định hướng theo khách hàng phù hợp</subfield>
  </datafield>
  <datafield tag="653" ind1=" " ind2=" ">
   <subfield code="a">Quản trị kinh doanh</subfield>
  </datafield>
  <datafield tag="700" ind1="1" ind2=" ">
   <subfield code="a"> Vũ Trọng Hùng</subfield>
   <subfield code="e">Dịch và biên soạn</subfield>
  </datafield>
  <datafield tag="700" ind1="1" ind2=" ">
   <subfield code="a">Phan Đình Quyền</subfield>
   <subfield code="e">Dịch và biên soạn</subfield>
  </datafield>
  <datafield tag="942" ind1=" " ind2=" ">
   <subfield code="2">ddc</subfield>
   <subfield code="c">BK</subfield>
  </datafield>
  <datafield tag="952" ind1=" " ind2=" ">
   <subfield code="0">0</subfield>
   <subfield code="1">0</subfield>
   <subfield code="2">ddc</subfield>
   <subfield code="4">0</subfield>
   <subfield code="6">658_340000000000000_C489</subfield>
   <subfield code="7">0</subfield>
   <subfield code="9">11368</subfield>
   <subfield code="a">000001</subfield>
   <subfield code="b">000001</subfield>
   <subfield code="d">2018-06-22</subfield>
   <subfield code="l">1</subfield>
   <subfield code="o">658.34 C489</subfield>
   <subfield code="p">MD.06825</subfield>
   <subfield code="r">2020-11-26</subfield>
   <subfield code="s">2020-11-23</subfield>
   <subfield code="v">28000.00</subfield>
   <subfield code="w">2018-06-22</subfield>
   <subfield code="y">BK</subfield>
  </datafield>
  <datafield tag="952" ind1=" " ind2=" ">
   <subfield code="0">0</subfield>
   <subfield code="1">0</subfield>
   <subfield code="2">ddc</subfield>
   <subfield code="4">0</subfield>
   <subfield code="6">658_340000000000000_C489</subfield>
   <subfield code="7">0</subfield>
   <subfield code="9">11369</subfield>
   <subfield code="a">000001</subfield>
   <subfield code="b">000001</subfield>
   <subfield code="d">2018-06-22</subfield>
   <subfield code="o">658.34 C489</subfield>
   <subfield code="p">MD.06586</subfield>
   <subfield code="r">2018-06-22</subfield>
   <subfield code="v">28000.00</subfield>
   <subfield code="w">2018-06-22</subfield>
   <subfield code="y">BK</subfield>
  </datafield>
  <datafield tag="952" ind1=" " ind2=" ">
   <subfield code="0">0</subfield>
   <subfield code="1">0</subfield>
   <subfield code="2">ddc</subfield>
   <subfield code="4">0</subfield>
   <subfield code="6">658_340000000000000_C489</subfield>
   <subfield code="7">0</subfield>
   <subfield code="9">11370</subfield>
   <subfield code="a">000001</subfield>
   <subfield code="b">000001</subfield>
   <subfield code="d">2018-06-22</subfield>
   <subfield code="o">658.34 C489</subfield>
   <subfield code="p">MD.06587</subfield>
   <subfield code="r">2018-06-22</subfield>
   <subfield code="v">28000.00</subfield>
   <subfield code="w">2018-06-22</subfield>
   <subfield code="y">BK</subfield>
  </datafield>
  <datafield tag="980" ind1=" " ind2=" ">
   <subfield code="a">Thư viện Trường Đại học Nam Cần Thơ</subfield>
  </datafield>
 </record>
</collection>
